000 00428nam a2200145 i 4500
001 51997
003 ES-MaACL
005 20230906162503.0
007 t|
008 201026s1899 sp ||||1| spa d
100 1 _aCardiel y Velasco, Felipe.
_9170559
245 1 0 _aInforme... en defensa de la jurisdicción ordinaria /
_cpor Felipe Cardiel y Velasco.
260 _aValencia :
_b[s.n.],
_c[1899?]
852 _aES-MaACL
_jT-981-F-11
999 _c51997
_d51997